000 00345nam a2200133 i 4500
001 bg
100 1 _aSOKÓŁ-SUPEL, J.
245 0 _aAnaliza plastyczna i projektowanie płyt prostokątnych... /
_cJ. Sokół-Supel.
260 _aWarszawa,
_c1979.
040 _cBPK
041 _apol
942 _cKS
008 s pl f |000 0 pol
999 _c21291
_d21291
856 _uhttp://koha.tu.koszalin.pl/cgi-bin/koha/opac-detail.pl?biblionumber=21291
_yKatalog online BPK